000 00481nam a2200181Ia 4500
005 20250923144325.0
008 008 250917s9999 xx 000 0 eng d
037 _aTextual
040 _aDSWL
_beng
_cDSWL
041 _aeng
_2eng
084 _qDSWL
100 _aMuste, A.J.
_9823672
245 0 _aNon-violence in an aggressive world
_cby A.J. Muste
260 _aLondon
_bHarper
_c1940
300 _a211 p.
942 _cTEXL
999 _c1437445
_d1437445